Statistics for Game of thrones characters - Season 3

Click here to take the quiz!

General Stats

  • This quiz has been taken 866 times
  • The average score is 22 of 34

Answer Stats

CharacterActor% Correct
Tyrion LannisterPeter Dinklage
99%
Jon SnowKit Harington
97%
Cersei LannisterLena Headey
96%
Sansa StarkSophie Turner
93%
Arya StarkMaisie Williams
92%
Jaime LannisterNikolaj Coster-Waldau
92%
Robb StarkRichard Madden
89%
Tywin LannisterCharles Dance
85%
Brandon StarkIsaac Hempstead-Wright
83%
Catelyn StarkMichelle Fairley
83%
Theon GreyjoyAlfie Allen
83%
Daenerys TargaryenEmilia Clarke
82%
Joffrey BaratheonJack Gleeson
80%
Jorah MormontIain Glen
73%
Petyr BaelishAidan Gillen
72%
Margaery TyrellNatalie Dormer
65%
YgritteRose Leslie
64%
Brienne of TarthGwendoline Christie
63%
Sandor CleganeRory McCann
62%
Stannis BaratheonStephen Dillane
61%
MelisandreCarice van Houten
60%
Davos SeaworthLiam Cunningham
58%
VarysConleth Hill
58%
Samwell TarlyJohn Bradley
53%
ShaeSibel Kekilli
50%
BronnJerome Flynn
47%
Ramsay SnowIwan Rheon
47%
GendryJoe Dempsy
44%
Roose BoltonMichael McElhatton
38%
Walder FreyDavid Bradley
34%
Jeor MormontJames Cosmo
26%
Grey WormJacob Anderson
23%
Daario NaharisEd Skrein
17%
Talisa MaegyrOona Chaplin
17%

Score Distribution

Percentile by Number Answered

Percent of People with Each Score

Your Score History

You have not taken this quiz